| 000 | 00481nam a2200181Ia 4500 | ||
|---|---|---|---|
| 008 | 240925s9999 xx 000 0 und d | ||
| 020 | _a596005512 | ||
| 082 | _a004.22 WOO | ||
| 100 | _aWoods, Dan | ||
| 245 | 0 | _aEnterprise Services Architecture | |
| 250 | _aNA | ||
| 260 |
_aBeijing: _bO Reilly _c,2003. |
||
| 300 |
_axvi,205p. _bNA _fPirated |
||
| 500 | _aIncludes Index | ||
| 600 | _aComputer Science | ||
| 650 | _aComputer science, information & general works | ||
| 942 | _cBK | ||
| 999 |
_c8454 _d8454 |
||